Kỹ thuật điện tử

में बचाया:
ग्रंथसूची विवरण
मुख्य लेखक: Nguyễn Vũ Sơn
स्वरूप: पुस्तक
भाषा:Undetermined
प्रकाशित: Hà Nội ĐH và THCN 1992
विषय:
टैग : टैग जोड़ें
कोई टैग नहीं, इस रिकॉर्ड को टैग करने वाले पहले व्यक्ति बनें!
Thư viện lưu trữ: Trung tâm Học liệu Trường Đại học Cần Thơ
LEADER 00465nam a2200169Ia 4500
001 CTU_2367
008 210402s9999 xx 000 0 und d
082 |a 621.381 
082 |b S464/1992 
100 |a Nguyễn Vũ Sơn 
245 0 |a Kỹ thuật điện tử 
245 0 |c Nguyễn Vũ Sơn 
260 |a Hà Nội 
260 |b ĐH và THCN 
260 |c 1992 
650 |a electronics 
980 |a Trung tâm Học liệu Trường Đại học Cần Thơ